000 00454nab a2200145Ia 4500
003 ES-SlBCS
005 20210601133742.0
008 140529s2011 xxu||||| |||| 00| 0 por d
041 _apor
100 1 _aPaiva, Maria Olímpia A. de
_9209209
245 0 0 _aAmbiente da sala de aula: um estudo de caso
_c Maria Olímpia A. de Paiva
650 0 4 _aAula
_9139779
773 0 _tEducaçao e Filosofia
_gvol. 25, nº. 49, 2011, págs. 17-42
_wRev1534
942 _cAR
999 _c601547
_d601547